00232 a2200073 4500020001800000100003800018245007100056260003100127 a9789391818203 aB. Mahadevan & Vinayak Rajat Bhat aIntroduction to Indian Knowledge System (Concepts and Application) bPHI learning Pvt Ltdc2024